| 000 | 00882nas a2200253 4500 | ||
|---|---|---|---|
| 001 | BR8000858 | ||
| 003 | BR-BrBNA | ||
| 005 | 20231205084137.0 | ||
| 007 | ta | ||
| 008 | 230509b bl.|||p| |||| 00| 00por d | ||
| 040 |
_aBR-BrBNA _bpor _cBiblioteca Nacional de Agricultura |
||
| 041 | _a(Pt) | ||
| 072 | _aE10; E30 | ||
| 100 | 1 | _aLeite, P.S. | |
| 245 | 1 | _aDesenvolvimento rural atraves da industrializacao, subsidios para formulacao de politicas | |
| 246 | 1 | _a[Rural development through the industrialization process, subsidies for pulicy formulation] | |
| 650 | _aMacroeconomia | ||
| 650 | _aDesenvolvimento economico | ||
| 650 | _aIndustrializacao | ||
| 650 | _aDesenvolvimento rural | ||
| 773 | 0 |
_tRevista Economica do Nordeste (Brazil) _xISSN 0100-4956 _g(Jul 1979), v. 10(3) p. 729-758 _wBR8000858 |
|
| 909 |
_a202311 _bLúcia _c55 _dLúcia Elande |
||
| 942 |
_2AGRIS _n0 _cANA |
||
| 999 |
_c103398 _d103398 |
||